The developing human : (Record no. 2253)
[ view plain ]
| 000 -LEADER | |
|---|---|
| fixed length control field | 00692cam a22002295a 4500 |
| 001 - CONTROL NUMBER | |
| control field | 12721013 |
| 005 - DATE AND TIME OF LATEST TRANSACTION | |
| control field | 20241215114305.0 |
| 008 - FIXED-LENGTH DATA ELEMENTS--GENERAL INFORMATION | |
| fixed length control field | 020327s2003 paua b 001 0 eng |
| 020 ## - INTERNATIONAL STANDARD BOOK NUMBER | |
| International Standard Book Number | 9780721694122 |
| 050 00 - LIBRARY OF CONGRESS CALL NUMBER | |
| Classification number | QM601 |
| Item number | .M76 2003 |
| 082 00 - DEWEY DECIMAL CLASSIFICATION NUMBER | |
| Classification number | 612.6/4 |
| Edition information | 21 |
| 100 1# - MAIN ENTRY--PERSONAL NAME | |
| Personal name | Moore, Keith L. |
| 245 14 - TITLE STATEMENT | |
| Title | The developing human : |
| Remainder of title | clinically oriented embryology / |
| Statement of responsibility, etc. | Keith L. Moore, T.V.N. Persaud. |
| 250 ## - EDITION STATEMENT | |
| Edition statement | 7th ed. |
| 260 ## - PUBLICATION, DISTRIBUTION, ETC. | |
| Place of publication, distribution, etc. | Philadelphia, Pa. : |
| Name of publisher, distributor, etc. | Saunders, |
| Date of publication, distribution, etc. | c2003. |
| 300 ## - PHYSICAL DESCRIPTION | |
| Extent | xv, 560 p. : |
| Other physical details | ill. (some col.) ; |
| Dimensions | 28 cm. |
| 650 #0 - SUBJECT ADDED ENTRY--TOPICAL TERM | |
| Topical term or geographic name entry element | Embryology, Human. |
| 650 #0 - SUBJECT ADDED ENTRY--TOPICAL TERM | |
| Topical term or geographic name entry element | Abnormalities, Human. |
| 650 12 - SUBJECT ADDED ENTRY--TOPICAL TERM | |
| Topical term or geographic name entry element | Embryology. |
| 700 1# - ADDED ENTRY--PERSONAL NAME | |
| Personal name | Persaud, T. V. N. |
| 942 ## - ADDED ENTRY ELEMENTS (KOHA) | |
| Source of classification or shelving scheme | Library of Congress Classification |
| Koha item type | Books |
| Edition | 7th ed. |
| Suppress in OPAC | No |
| 999 ## - | |
| -- | 2253 |
| -- | 2253 |
| Withdrawn status | Lost status | Source of classification or shelving scheme | Damaged status | Not for loan | Collection | Home library | Current library | Shelving location | Date acquired | Total checkouts | Full call number | Barcode | Date last seen | Copy number | Price effective from | Koha item type |
|---|---|---|---|---|---|---|---|---|---|---|---|---|---|---|---|---|
| Library of Congress Classification | Non-fiction | Science Library (Miotso) | Science Library (Miotso) | General stacks | 12/15/2024 | QM601 .M76 MOO | SLM00001510 | 12/15/2024 | 1 | 12/15/2024 | Books |